000 00418nam a2200145 a 4500
001 000033716
005 20200930070450.0
008 110906s1893 dr 000 0 spa d
040 _aDO-SdBNP
_bspa
_cBNPHU
082 _axxx
_bB467s
100 1 _aBenigno Pérez, Federico
_959160
245 1 0 _aSemblanzas dominicanas /
_cFederico Benigno Pérez.
260 _aSanto Domingo :
_b[s.n.],
_c1893.
300 _a39 p. ;
_c24 cm.
999 _c33207
_d33207